00341nam a22001097a 4500003000400000082001400004100001900018245013300037260003700170300000800207650001600215SGT a658bI21V aVERMA, SHWETA  aImpact Of Working Capital Management on Corporate Profitability With Special Reference to Firm's Constituting S & P Bse Indices  aGURUGRAM bSGT UNIVERSITY c2021 a239 aMANAGEMENT